| 000 -ლიდერი |
| ფიქსირებული სიგრძის საკონტროლო ველი |
00650nam a22001697a 4500 |
| 003 - საკონტროლო ნომრის იდენტიფიკატორი |
| საკონტროლო ველი |
Ge_BSU |
| 005 - ბოლო ოპერაციის თარიღი და დრო |
| საკონტროლო ველი |
20230510164918.0 |
| 008 - ფიქსირებული სიგრძის მონაცემთა ელემენტები - ზოგადი ინფორმაცია |
| ფიქსირებული სიგრძის საკონტროლო ველი |
230510s1997 ge ||||| |||| 00| 0 geo d |
| 041 ## - ენის კოდი |
| Language code of text/sound track or separate title |
geo |
| 080 ## - უნივერსალური ათობითი კლასიფიკაციის ინდექსი |
| Universal Decimal Classification number |
27-36+821.353.1.09 |
| 100 ## - მთავარი ჩანაწერი - პიროვნების სახელი |
| Personal name |
სირაძე , რევაზ |
| 9 (RLIN) |
5771 |
| 245 ## - ცნობა სათაურის შესახებ |
| Title |
"წმინდა ნინოს ცხოვრება" და დასაწყისი ქართული აგიოგრაფიისა / |
| Statement of responsibility, etc |
რევაზ სირაძე. |
| 264 ## - წარმოების, გამოცემის, დისტრიბუციის და სხვა ცნობები |
| გამოცემის, წარმოების, დისტრიბუციის... ადგილი |
თბილისი, |
| გამოცემის, წარმოების, დისტრიბუციის... თარიღი |
1997. |
| 300 ## - ფიზიკური აღწერა |
| Extent |
221 გვ.; |
| Other physical details |
21 სმ. |
| 520 ## - SUMMARY, ETC. |
| Summary, etc |
რეზიუმე რუს.ენ. |
| 942 ## - ADDED ENTRY ELEMENTS (KOHA) |
| Source of classification or shelving scheme |
|
| Koha item type |
წიგნი |